[Event "NRW Class2 1617"]
[Site "Germany"]
[Date "2017.01.22"]
[Round "5.4"]
[White "Georg, Heinz"]
[Black "Pieper Emden, Carsten"]
[Result "1/2-1/2"]
[WhiteElo "2234"]
[BlackElo "2249"]
[PlyCount "20"]
[EventDate "2016.09.25"]
[EventType "team-tourn"]
[EventRounds "9"]
[EventCountry "GER"]
[SourceTitle "EXT 2023"]
[Source "ChessBase"]
[SourceDate "2022.10.05"]
[SourceVersion "1"]
[SourceVersionDate "2022.10.05"]
[SourceQuality "1"]
[WhiteTeam "Kamen SV"]
[BlackTeam "Herford Koenigsspringer"]
[WhiteTeamCountry "GER"]
[BlackTeamCountry "GER"]

1. e4 c6 2. d4 g6 3. c4 Bg7 4. Nc3 d6 5. Be3 Nf6 6. f3 a6 7. Qd2 b5 8. g4 h6 9. 0-0-0 Bb7 10. Kb1 Nbd7 1/2-1/2

[Event "NRW Class2 1516"]
[Site "Germany"]
[Date "2016.02.14"]
[Round "6.4"]
[White "Haves, Reinhard"]
[Black "Pieper Emden, Carsten"]
[Result "1/2-1/2"]
[WhiteElo "2113"]
[BlackElo "2170"]
[PlyCount "34"]
[EventDate "2015.09.27"]
[EventType "team-tourn"]
[EventRounds "9"]
[EventCountry "GER"]
[SourceTitle "EXT 2017"]
[Source "ChessBase"]
[SourceDate "2016.10.25"]
[SourceVersion "1"]
[SourceVersionDate "2016.10.25"]
[SourceQuality "1"]
[WhiteTeam "Neuenkirchen"]
[BlackTeam "Herford Koenigsspringer"]
[WhiteTeamCountry "GER"]
[BlackTeamCountry "GER"]

1. d4 d5 2. Nf3 Nf6 3. g3 c6 4. c4 Bf5 5. Bg2 e6 6. Nc3 h6 7. 0-0 Be7 8. b3 Ne4 9. Nxe4 Bxe4 10. Ne5 Bxg2 11. Kxg2 Nd7 12. Bf4 0-0 13. Qd3 Nxe5 14. Bxe5 Bf6 15. Bxf6 Qxf6 16. Rad1 Rad8 17. Qf3 Qg6 1/2-1/2

[Event "NRW Class2 1314"]
[Site "Germany"]
[Date "2014.04.06"]
[Round "8.2"]
[White "Pieper Emden, Carsten"]
[Black "Kupreichik, Viktor D"]
[Result "1/2-1/2"]
[WhiteElo "2156"]
[BlackElo "2450"]
[PlyCount "69"]
[EventDate "2013.09.15"]
[EventType "team-tourn"]
[EventRounds "9"]
[EventCountry "GER"]
[SourceTitle "EXT 2015"]
[Source "ChessBase"]
[SourceDate "2014.11.20"]
[SourceVersion "1"]
[SourceVersionDate "2014.11.20"]
[SourceQuality "1"]
[WhiteTeam "Herford"]
[BlackTeam "Plettenberg"]
[WhiteTeamCountry "GER"]
[BlackTeamCountry "GER"]

1. d4 d5 2. Nf3 c6 3. Bf4 Qb6 4. Qc1 Bf5 5. e3 Nf6 6. Be2 e6 7. 0-0 c5 8. Nbd2 Nc6 9. c3 Rc8 10. dxc5 Bxc5 11. b4 Be7 12. Qb2 0-0 13. Rac1 Nh5 14. Bg5 f6 15. Bh4 g5 16. Bg3 Bg6 17. Nd4 e5 18. Nxc6 bxc6 19. Nb3 c5 20. bxc5 Bxc5 21. c4 a5 22. a4 Nxg3 23. hxg3 d4 24. exd4 exd4 25. Qa2 Rfd8 26. Bg4 f5 27. Bf3 Bf7 28. Bd5 Bb4 29. Rfd1 Bc3 30. Bxf7+ Kxf7 31. c5 Qe6 32. Qc2 Rb8 33. Rb1 Rb4 34. Nc1 Qe4 35. Nd3 1/2-1/2

[Event "NRW Class2 1314"]
[Site "Germany"]
[Date "2014.02.02"]
[Round "6.3"]
[White "Pieper Emden, Carsten"]
[Black "Goossens, Etienne"]
[Result "1/2-1/2"]
[WhiteElo "2156"]
[BlackElo "2209"]
[PlyCount "30"]
[EventDate "2013.09.15"]
[EventType "team-tourn"]
[EventRounds "9"]
[EventCountry "GER"]
[SourceTitle "EXT 2015"]
[Source "ChessBase"]
[SourceDate "2014.11.20"]
[SourceVersion "1"]
[SourceVersionDate "2014.11.20"]
[SourceQuality "1"]
[WhiteTeam "Herford"]
[BlackTeam "Wuerselen"]
[WhiteTeamCountry "GER"]
[BlackTeamCountry "GER"]

1. d4 e6 2. c4 Bb4+ 3. Nd2 d5 4. e3 Nf6 5. Ngf3 0-0 6. a3 Bxd2+ 7. Bxd2 Ne4 8. Be2 dxc4 9. Bxc4 b6 10. 0-0 Bb7 11. Bb4 Nd6 12. Be2 Nc6 13. Bc3 Ne4 14. Qc2 Ne7 15. Bb4 Nd6 1/2-1/2

[Event "NRW Class2 1112"]
[Site "Germany"]
[Date "2011.11.13"]
[Round "3.2"]
[White "Pieper Emden, Carsten"]
[Black "Cordts, Ingo"]
[Result "1/2-1/2"]
[WhiteElo "2169"]
[BlackElo "2211"]
[PlyCount "41"]
[EventDate "2011.09.18"]
[EventType "team-tourn"]
[EventRounds "9"]
[EventCountry "GER"]
[SourceTitle "EXT 2015"]
[Source "ChessBase"]
[SourceDate "2014.11.20"]
[SourceVersion "1"]
[SourceVersionDate "2014.11.20"]
[SourceQuality "1"]
[WhiteTeam "Herford"]
[BlackTeam "Koeln Ford SF"]
[WhiteTeamCountry "GER"]
[BlackTeamCountry "GER"]

1. d4 d5 2. Nf3 Nf6 3. c4 c6 4. e3 g6 5. Nc3 Bg7 6. Be2 0-0 7. 0-0 dxc4 8. Bxc4 Bg4 9. Be2 Nbd7 10. h3 Bxf3 11. Bxf3 g5 12. e4 e6 13. Be3 Qe7 14. Rc1 Qb4 15. Qc2 g4 16. a3 Qa5 17. Bd1 b5 18. e5 Nd5 19. Nxd5 cxd5 20. Bd2 Qa6 21. Be2 1/2-1/2

[Event "NRW Class2 0910"]
[Site "Germany"]
[Date "2009.09.20"]
[Round "1.2"]
[White "Naundorf, Maik"]
[Black "Pieper Emden, Carsten"]
[Result "1/2-1/2"]
[WhiteElo "2118"]
[BlackElo "2296"]
[PlyCount "23"]
[EventDate "2009.09.20"]
[EventType "team-tourn"]
[EventRounds "9"]
[EventCountry "GER"]
[SourceTitle "EXT 2011"]
[Source "ChessBase"]
[SourceDate "2010.11.26"]
[SourceVersion "1"]
[SourceVersionDate "2010.11.26"]
[SourceQuality "1"]
[WhiteTeam "Hagen"]
[BlackTeam "Herford"]
[WhiteTeamCountry "GER"]
[BlackTeamCountry "GER"]

1. c4 Nf6 2. Nf3 g6 3. d4 Bg7 4. Nc3 d5 5. cxd5 Nxd5 6. g3 0-0 7. Bg2 c5 8. 0-0 cxd4 9. Nxd4 Nxc3 10. bxc3 Qc7 11. Qb3 Nc6 12. Nxc6 1/2-1/2

[Event "NRW Class2 0809"]
[Site "Germany"]
[Date "2008.09.21"]
[Round "1.3"]
[White "Rijnaarts, Sjef"]
[Black "Pieper Emden, Carsten"]
[Result "1-0"]
[WhiteElo "2323"]
[BlackElo "2307"]
[PlyCount "59"]
[EventDate "2008.09.21"]
[EventType "team-tourn"]
[EventRounds "9"]
[EventCountry "GER"]
[SourceTitle "EXT 2010"]
[Source "ChessBase"]
[SourceDate "2010.11.25"]
[SourceVersion "1"]
[SourceVersionDate "2010.11.25"]
[SourceQuality "1"]
[WhiteTeam "Emsdetten II"]
[BlackTeam "Herford"]
[WhiteTeamCountry "GER"]
[BlackTeamCountry "GER"]

1. e4 e5 2. Nf3 Nc6 3. Bb5 a6 4. Ba4 Nf6 5. 0-0 Nxe4 6. d4 b5 7. Bb3 d5 8. dxe5 Be6 9. Nbd2 Nc5 10. c3 d4 11. Ng5 Nxb3 12. Nxe6 fxe6 13. axb3 Qd5 14. c4 bxc4 15. bxc4 Qxe5 16. Re1 Qd6 17. Qh5+ Kd7 18. Ne4 Qe5 19. Qd1 Bd6 20. g3 Qf5 21. Bd2 a5 22. Qa4 Rhb8 23. Rad1 Rf8 24. c5 Be7 25. Bc3 e5 26. Bxd4 exd4 27. Rxd4+ Kc8 28. Qxc6 Ra7 29. Rd5 Qf7 30. Rd7 1-0

[Event "NRW Class2 0708"]
[Site "Germany"]
[Date "2007.12.09"]
[Round "4.3"]
[White "Pieper Emden, Carsten"]
[Black "Stolte, Alexander"]
[Result "1/2-1/2"]
[WhiteElo "2309"]
[BlackElo "2191"]
[PlyCount "83"]
[EventDate "2007.09.16"]
[EventType "team"]
[EventRounds "9"]
[EventCountry "GER"]
[SourceTitle "EXT 2009"]
[Source "ChessBase"]
[SourceDate "2008.11.26"]
[SourceVersion "1"]
[SourceVersionDate "2008.11.26"]
[SourceQuality "1"]
[WhiteTeam "Herford"]
[BlackTeam "Muenster II"]
[WhiteTeamCountry "GER"]
[BlackTeamCountry "GER"]

1. d4 Nf6 2. c4 e6 3. Nf3 b6 4. g3 Ba6 5. Nbd2 c5 6. Bg2 Nc6 7. dxc5 Bxc5 8. 0-0 0-0 9. a3 Be7 10. b4 Bb7 11. Bb2 a5 12. b5 Nb8 13. Qc2 Ra7 14. Ng5 h6 15. Bxb7 hxg5 16. Bg2 Ne8 17. Ne4 Nd6 18. Nxd6 Bxd6 19. Qd3 Bc5 20. Qc3 f6 21. Be4 d6 22. g4 Kf7 23. Qd3 Rh8 24. Bg6+ Ke7 25. Qg3 Nd7 26. Be4 Nf8 27. e3 Qc8 28. Rad1 Rd7 29. Rd2 Rd8 30. Kg2 e5 31. f4 gxf4 32. exf4 Ne6 33. fxe5 dxe5 34. Bd5 Bd4 35. Bxd4 Nxd4 36. h3 Ne6 37. Re2 Qc5 38. Qf3 Rd6 39. Qf5 Rxd5 40. cxd5 Qxd5+ 41. Kh2 Qxb5 42. Rfe1 1/2-1/2

[Event "NRW Class2 0708"]
[Site "Germany"]
[Date "2007.10.14"]
[Round "2.4"]
[White "Kaehmann, Joerg"]
[Black "Pieper Emden, Carsten"]
[Result "1/2-1/2"]
[WhiteElo "2241"]
[BlackElo "2309"]
[PlyCount "83"]
[EventDate "2007.09.16"]
[EventType "team"]
[EventRounds "9"]
[EventCountry "GER"]
[SourceTitle "EXT 2009"]
[Source "ChessBase"]
[SourceDate "2008.11.26"]
[SourceVersion "1"]
[SourceVersionDate "2008.11.26"]
[SourceQuality "1"]
[WhiteTeam "Sodingen"]
[BlackTeam "Herford"]
[WhiteTeamCountry "GER"]
[BlackTeamCountry "GER"]

1. Nf3 d5 2. d4 Nf6 3. c4 c6 4. e3 Bg4 5. Nc3 e6 6. Qb3 Qb6 7. c5 Qc7 8. Ne5 Bf5 9. f4 Nbd7 10. Bd2 Be7 11. Rc1 Nxe5 12. fxe5 Ne4 13. Nxe4 Bxe4 14. Bd3 Bxg2 15. Rg1 Bf3 16. Rxg7 Bh5 17. e4 0-0-0 18. Qa4 Rdg8 19. Rxg8+ Rxg8 20. Qxa7 dxe4 21. Qa8+ Qb8 22. Qxb8+ Kxb8 23. Bxe4 Bh4+ 24. Kf1 Rg4 25. Bf3 Rxd4 26. Be3 Rd3 27. Ke2 Rxe3+ 28. Kxe3 Bg5+ 29. Kf2 Bxc1 30. Bxh5 Bxb2 31. Bxf7 Bxe5 32. Bxe6 Bxh2 33. a4 h5 34. Bf7 h4 35. Be6 Ka7 36. Bf5 Ka8 37. Bh3 Kb8 38. Be6 Kc7 39. Bh3 Kd8 40. Bf5 Bb8 41. Ke3 Bh2 42. Kd4 1/2-1/2

[Event "NRW Class2 0506"]
[Site "Germany"]
[Date "2006.04.02"]
[Round "8.1"]
[White "Heppekausen, Jochen"]
[Black "Pieper Emden, Carsten"]
[Result "1/2-1/2"]
[WhiteElo "2241"]
[BlackElo "2310"]
[PlyCount "43"]
[EventDate "2005.09.25"]
[EventType "team"]
[EventRounds "9"]
[EventCountry "GER"]
[SourceTitle "EXT 2006"]
[Source "ChessBase"]
[SourceDate "2005.11.24"]
[SourceVersion "1"]
[SourceVersionDate "2005.11.24"]
[SourceQuality "1"]
[WhiteTeam "Koeln SF II"]
[BlackTeam "Herford"]
[WhiteTeamCountry "GER"]
[BlackTeamCountry "GER"]

1. e4 c5 2. c3 d6 3. d4 Nf6 4. f3 b6 5. Be3 e6 6. Bd3 Be7 7. Ne2 d5 8. e5 Nfd7 9. 0-0 Ba6 10. f4 g6 11. g4 Bxd3 12. Qxd3 Qc8 13. f5 Qa6 14. Qd1 Nc6 15. Nf4 Nf8 16. Qf3 Rc8 17. a3 Qa4 18. fxe6 fxe6 19. Ne2 Nd8 20. Nd2 Qc2 21. Rab1 h5 22. Rfc1 1/2-1/2

[Event "Oberliga NRW 0102 I"]
[Site "Germany"]
[Date "2001.11.11"]
[Round "3.3"]
[White "Pieper Emden, Carsten"]
[Black "Weber, Peter"]
[Result "1-0"]
[WhiteElo "2315"]
[BlackElo "2230"]
[PlyCount "33"]
[EventDate "2001.10.??"]
[EventType "team"]
[EventRounds "9"]
[EventCountry "GER"]
[SourceTitle "EXT 2004"]
[Source "ChessBase"]
[SourceDate "2003.11.25"]
[SourceVersion "1"]
[SourceVersionDate "2003.11.25"]
[SourceQuality "1"]
[WhiteTeam "Herford"]
[BlackTeam "Monheim"]
[WhiteTeamCountry "GER"]
[BlackTeamCountry "GER"]

1. d4 Nf6 2. Nf3 g6 3. c3 Bg7 4. Bg5 d5 5. Nbd2 0-0 6. e3 Bf5 7. h3 Nbd7 8. Qb3 c5 9. g4 Be4 10. Bf4 Qc8 11. Nxe4 dxe4 12. Ne5 cxd4 13. exd4 h5 14. Nxg6 Re8 15. g5 Nh7 16. Nh4 e6 17. Be2 1-0

[Event "4 Laender-Cup"]
[Site "Hessen"]
[Date "1998.??.??"]
[Round "3"]
[White "Pieper Emden, Carsten"]
[Black "Duncker, Joachim"]
[Result "1-0"]
[WhiteElo "2315"]
[BlackElo "2265"]
[PlyCount "61"]
[EventDate "1998.??.??"]
[EventType "team-tourn"]
[EventRounds "3"]
[EventCountry "GER"]
[SourceTitle "EXT 2000"]
[Source "ChessBase"]
[SourceDate "1999.11.16"]
[SourceVersion "1"]
[SourceVersionDate "1999.11.16"]
[SourceQuality "1"]

1. d4 d5 2. Nf3 Nf6 3. Bf4 e6 4. e3 Be7 5. Nbd2 0-0 6. Bd3 b6 7. Ne5 Bb7 8. Qf3 c5 9. c3 Nfd7 10. Qh3 g6 11. Ndf3 Nxe5 12. Nxe5 Nd7 13. Bh6 Nxe5 14. dxe5 c4 15. Bxf8 Bxf8 16. Bc2 Bc5 17. Qg3 f5 18. h4 Qe7 19. f4 Qg7 20. h5 Kf7 21. hxg6+ hxg6 22. Rh3 Rh8 23. Kd2 Rxh3 24. Qxh3 Bc6 25. g4 Bf8 26. Rg1 Qh6 27. Qg2 Qh4 28. gxf5 gxf5 29. Bxf5 exf5 30. Qg6+ Ke7 31. Qd6+ 1-0

[Event "4 Laender-Cup"]
[Site "Schoeneck"]
[Date "1997.06.??"]
[Round "1"]
[White "Pieper Emden, Carsten"]
[Black "Gerstner, Wolfgang"]
[Result "0-1"]
[WhiteElo "2345"]
[BlackElo "2385"]
[PlyCount "60"]
[EventDate "1997.??.??"]
[EventType "team-tourn"]
[EventRounds "3"]
[EventCountry "GER"]
[SourceTitle "EXT 1999"]
[Source "ChessBase"]
[SourceDate "1998.11.16"]
[SourceVersion "1"]
[SourceVersionDate "1998.11.16"]
[SourceQuality "1"]

1. d4 d5 2. c4 e6 3. Nc3 Nf6 4. Bg5 Nbd7 5. e3 c6 6. cxd5 exd5 7. Bd3 Be7 8. Nf3 Ne4 9. Bxe7 Qxe7 10. Qc2 f5 11. 0-0-0 0-0 12. Kb1 a5 13. Rc1 a4 14. a3 b5 15. Na2 Bb7 16. Qe2 Nd6 17. h3 Rae8 18. Rce1 Qf6 19. Nb4 g6 20. h4 Nb6 21. Ne5 Rxe5 22. dxe5 Qxe5 23. h5 c5 24. Na2 b4 25. axb4 c4 26. Bc2 a3 27. Nc3 Nb5 28. Qd2 Ra8 29. Rc1 axb2 30. Kxb2 Nxc3 0-1

[Event "4 Laender-Cup"]
[Site "Schoeneck"]
[Date "1997.06.??"]
[Round "3"]
[White "Pieper Emden, Carsten"]
[Black "Schmidt, J."]
[Result "0-1"]
[WhiteElo "2345"]
[BlackElo "2210"]
[PlyCount "65"]
[EventDate "1997.??.??"]
[EventType "team-tourn"]
[EventRounds "3"]
[EventCountry "GER"]
[SourceTitle "EXT 1999"]
[Source "ChessBase"]
[SourceDate "1998.11.16"]
[SourceVersion "1"]
[SourceVersionDate "1998.11.16"]
[SourceQuality "1"]

1. c4 Nf6 2. Nc3 e5 3. Nf3 Nc6 4. g3 g6 5. Bg2 Bg7 6. 0-0 0-0 7. d3 d6 8. Rb1 a5 9. a3 h6 10. b4 axb4 11. axb4 Be6 12. b5 Ne7 13. Bb2 Qd7 14. Re1 Bh3 15. Bh1 Ng4 16. Nd2 Rab8 17. e4 f5 18. f3 Nf6 19. Bg2 Bxg2 20. Kxg2 h5 21. Nb3 f4 22. d4 Nh7 23. dxe5 Ng5 24. g4 hxg4 25. exd6 g3 26. Kh1 Qh3 27. Re2 Nxf3 28. Qc2 cxd6 29. Nd5 Nxd5 30. Bxg7 Kxg7 31. exd5 Nxh2 32. Rxh2 gxh2 33. Nd4 0-1